[Event "Bad Woerishofen op 16th"]
[Site "Bad Woerishofen"]
[Date "2000.03.23"]
[Round "7"]
[White "Bunzmann, Dimitrij"]
[Black "Pelletier, Yannick"]
[Result "1/2-1/2"]
[WhiteElo "2502"]
[BlackElo "2478"]
[Annotator "Pelletier,Y"]
[PlyCount "41"]
[EventDate "2000.03.??"]
[EventType "swiss"]
[EventRounds "9"]
[EventCountry "GER"]
[SourceTitle "CBM 075 Extra"]
[Source "ChessBase"]
[SourceDate "2000.05.11"]
[SourceVersion "2"]
[SourceVersionDate "2000.05.11"]
[SourceQuality "1"]

1. d4 d5 2. c4 c6 3. Nc3 Nf6 4. Nf3 dxc4 5. a4 Bf5 6. Nh4 e6 7. Nxf5 exf5 8. e3
Bb4 9. Bxc4 O-O (9... a5 $6 {ist oft nützlich bei dieser Bauernstruktur, aber
in diesem Moment verfrüht:} 10. O-O O-O 11. Qd3 $1 g6 12. f3 {und Weiss kommt
zum günstigen e4.}) 10. h3 {Weiss möchte am Königsflügel mittels Qf3 und g4
einen Angriff organisieren. Meine Antwort ist angesichts der noch nicht
vollentwickelten weissen Stellung logisch:} c5 $1 (10... Nbd7 11. Qf3) (10...
h5 11. g4 $1 hxg4 12. hxg4 Nxg4 13. f3 Nh6 (13... Nf6 14. Qc2) 14. e4 $36) 11.
O-O (11. d5 $6 Nbd7 {und Weiss hat Probleme mit d5}) 11... Nc6 ({Die Folge} 
11... cxd4 $6 12. exd4 Nc6 13. d5 Ne5 14. Bb3 Bd6 15. Bc2 {würde der Bc1
dankend begrüssen.}) 12. Na2 ({Interessant und vielleciht kritisch für die
Bewertung von 10...c5 ist} 12. d5 Ne5 $5 (12... Na5 13. Ba2 c4 14. Bd2 Bxc3 15.
Bxc3 Nxd5 16. Bxa5 Qxa5 17. Bxc4 $14) 13. Ba2 c4 14. f4 Ned7 15. Bxc4 Nb6 16.
Bb3 Bxc3 17. bxc3 Nbxd5 {[%csl Gb3,Gc1,Rc3,Re3,Re4] Weiss besitzt das
Läuferpaar, hat aber seine Bauernstruktur geschwächt. Meiner Meinung nach ist
die Lage im Gleichgewicht.}) 12... a5 (12... cxd4 13. Nxb4 Nxb4 14. exd4 Qd6
15. b3 {ist eindeutig besser für Weiss.}) ({aber Dimitrij schlug nach der
Partie} 12... Ba5 $5 13. dxc5 Qxd1 14. Rxd1 Rfd8 $1 15. Rf1 Ne4 {als
Verbesserung vor. Die Stellung ist in der Tat ausgeglichen.}) 13. Nxb4 axb4 14.
dxc5 (14. d5 $6 Ne5 15. b3 Nxc4 16. bxc4 Ne4 17. Bb2 f6 18. Re1 Nd6 $15) (14.
Bb5 cxd4 15. Bxc6 bxc6 16. exd4 Nd5 $11) 14... Qxd1 15. Rxd1 Na5 16. b3 {
Der einzige Zug, da sonst die unentwickelten weissen Figuren dem Nachziehenden
erlauben, eine gefährliche Initiative zu entfalten.} (16. Ba2 $6 b3 17. Bb1
Rfd8 18. Rxd8+ Rxd8 19. Bxf5 Rd1+ 20. Kh2 Nd5 $36) (16. Be2 Nb3 17. Ra2 Rfd8
$36) 16... Nxc4 17. bxc4 Rfc8 18. Bd2 (18. Bb2 Rxc5 $11) 18... Rxc5 19. Bxb4
Rxc4 20. Rab1 $6 {Lässt einen kleinen Vorteil verschwinden. Weiss musste b6
nicht erlauben.} (20. Be7 $1 Ne8 (20... h6 21. a5 $1) (20... b6 21. a5 (21. Rd6
$5) 21... bxa5 22. Rxa5 Rcc8 23. Rxf5 $14) (20... Ne4 21. Rd7 b6 (21... Rc2 22.
f3) 22. a5 bxa5 23. Rxa5 $14 {[%csl Rf5]}) 21. a5 $14 {[%csl Rb7]}) 20... b6 $1
21. Be7 1/2-1/2

[Event "EU-ch U20"]
[Site "Patras"]
[Date "2001.07.25"]
[Round "9"]
[White "Postny, Evgeny"]
[Black "Stryjecki, Marek"]
[Result "1-0"]
[WhiteElo "2486"]
[BlackElo "2441"]
[Annotator "Postny,E"]
[PlyCount "95"]
[EventDate "2001.07.16"]
[EventType "swiss"]
[EventRounds "11"]
[EventCountry "GRE"]
[SourceTitle "CBM 083 Extra"]
[Source "ChessBase"]
[SourceDate "2001.09.11"]
[SourceVersion "1"]
[SourceVersionDate "2001.09.11"]
[SourceQuality "1"]

1. d4 d5 {A surprise at the first move! In according to my database M.
Stryjecki didn't play this move before.} 2. c4 c6 3. Nf3 Nf6 4. Nc3 dxc4 5. a4
Bf5 6. Nh4 Bc8 7. Nf3 Bf5 {Here my opponent offered me a draw...At that moment
I had 5 points from 8 rounds and in order to stay in the race for a medal I
had to win this game, that's why I choose the sharp continuation...} 8. Ne5 e6
9. f3 Bb4 10. e4 Bxe4 11. fxe4 Nxe4 12. Bd2 Qxd4 13. Nxe4 Qxe4+ 14. Qe2 Bxd2+
15. Kxd2 {I hoped, that my experience in this variation (I played it also with
black) will give me an advantage...} Qd5+ 16. Kc2 Na6 17. Qe1 {A rare move
which contains a small trap.The main line starts with 17.Nc4.} f6 (17... Qc5 $5
18. Nxc4 O-O-O 19. Qe5 Rd5 20. Qc3 Rhd8 21. Rc1 Qf2+ 22. Kb1 Nc5 23. Rc2 Rd1+
24. Ka2 Qe1 25. Nd6+ R8xd6 26. Qxc5 Kb8 27. Kb3 Qe4 28. Bc4 R1d4 {1/2-1/2
Groenn,A-Khenkin,I/Gausdal 1991/(28)}) (17... O-O-O $2 {falling in trap...} 18.
Bxc4 Qxg2+ 19. Qe2 Qxe2+ 20. Bxe2 $16 {[%csl Ra6,Rc6,Rf7] 1-0 Timoscenko,
G-Zawadski,S /Parthenay op 1992/EXT 98 (42)}) 18. Nxc4 O-O-O 19. Qe3 {The
position transposed to a famous variation which now out of fashion.} Nc5 $6 {
In according to Mega database this dubious move did not appear in practice
since the game Gelfand-Hort in 1991.Better moves are: 19...c5 and 19...Kb8.}
20. b4 $1 (20. Be2 h5 $5 21. b4 Qe4+ 22. Qxe4 Nxe4 23. Rhd1 (23. b5 $5 {Gelfand
}) 23... Rxd1 24. Rxd1 Kc7 25. Nd2 $14 {1-0 Gelfand,B-Hort,V /Munich 1991/CBM
23 (50)}) 20... Na6 $2 $146 (20... Nxa4 21. Be2 Nb6 22. Nxb6+ axb6 23. Rhd1
Qf5+ 24. Bd3 Qe5 25. Qxb6 {1-0 Stohl,I-Haba,P /CSR-ch int Prague 1989 (25)}) (
20... Qf5+ 21. Kb2 Na6 22. Qxa7 Nxb4 23. Rc1 $36 {Stohl}) (20... Qe4+ 21. Qxe4
Nxe4 22. Be2 $14) 21. Kc3 $2 (21. Qxa7 $1 {I considered this move, but in my
calculations I found some counterplay for black, which is not exist.} Qe4+ (
21... Nxb4+ 22. Kc3 $18 {[%csl Rb4,Rd5][%cal Gc4b6]}) 22. Kc3 c5 23. Rc1 Qd4+ (
23... cxb4+ 24. Kb3 Qd5 25. Be2 $18 {[%cal Gh1d1]}) 24. Kb3 Nxb4 25. Qxc5+ Qxc5
26. Nb6+ Kc7 27. Rxc5+ Kxb6 28. Rb5+ $18) 21... Kb8 (21... c5 22. bxc5 Nxc5 23.
Be2 Kb8 24. Bf3 Qf5 25. Rhd1 $16) 22. Be2 Qxg2 23. Rag1 (23. Rhg1 $6 Qxh2 24.
Rxg7 Nc7 $13) 23... Qd5 24. Rd1 Nc7 25. Kb3 Qg2 (25... Qf5 $2 26. Nd6 Qg6 27.
Rhg1 {with big advantage.}) 26. Rdg1 Qd5 27. Rd1 Qg2 28. Rhg1 Qxh2 29. Rxg7
Rxd1 30. Bxd1 Rd8 (30... e5 {[%cal Gc7e6]} 31. Qd3 $40) 31. Bc2 h5 32. Be4 f5 (
32... h4 $2 33. Rg2 Qh1 34. Rd2 $18 {[%csl Rd8,Rh1]}) 33. Bf3 ({Not bad as well
} 33. Bg2 $16 {limiting the movements of the black's Q to a minimum.White is
intending to play 34.Qe5.}) 33... Qh3 34. Qf4 Rc8 35. Kb2 $2 {A serious
mistake, which allows black to get back into the game... I spend a lot of time
trying to make 35.Nd6 work and without success...} (35. Nd6 $2 Nd5 36. Rxb7+ $2
(36. Qg3 $8 $14) 36... Ka8 37. Rxa7+ Kxa7 38. Nxc8+ Kb7 39. Nd6+ Ka8) ({
The winning move is} 35. Ne3 $1 {[%csl Yf1,Rh3][%cal Rf3g2] .Quite a simple
one which I overlooked completely.} e5 $8 36. Qxf5 $18) 35... Qf1 $132 {
[%csl Rb2,Gf1]} 36. Ne5 (36. Nd6 Qf2+ 37. Kb3 Nd5 38. Ne4+ Nxf4 39. Nxf2 Rd8
$13) 36... Qf2+ 37. Kb3 Qf1 38. Kb2 {Repeating the position in order to pass
the 40th move and then think without being pressured on time.(The time-control
in this championship was fortunately "classic" and not the new FIDE's, where
the time-trouble is unstoppable...)} Qf2+ 39. Kb3 Qf1 40. Ka2 Qf2+ (40... Nd5
$5 41. Qd4 Qc1 42. Qc5 Qd2+ 43. Kb3 b6 44. Nxc6+ Rxc6 45. Rg8+ (45. Qxc6 $2
Qd3+ 46. Kb2 Qd4+ {[%csl Rg7]}) 45... Kc7 46. Rg7+ Kb8 $11) 41. Ka3 Qf1 42. Qh2
$1 {[%csl Gh2] From this square white's Q may create a threats against the
enemy's K and protect his own.} Qe1 $1 43. Kb3 Qe3+ 44. Ka2 Ka8 45. Qe2 Qc3 $2
({Strong was} 45... Qf4 $1 {and white has no more, than a perpetual check
after:} 46. Nxc6 bxc6 (46... Nd5 $2 47. Bxd5 exd5 48. Ne7 $16) 47. Bxc6+ Kb8
48. Qb5+ $1 Nxb5 49. Rb7+ Ka8 50. Rc7+ $11) 46. Qb2 Qe3 $2 {[%mdl 8192]
Allowing the elegant finish...} (46... Qe1 $2 {was losing in the similar way-}
47. Rxc7 $1 Rxc7 48. Nd3 $18 {[%cal Rb2h8]}) (46... Qxb2+ $8 47. Kxb2 {and in
spite of the material advantage (4 pawns for piece) black's chances for a draw
are very low, as the dominating factor in the position are white's active
pieces.}) {[%tqu "En","How can white win the game?","","","g7c7","",10]} 47.
Rxc7 $1 Rd8 (47... Rxc7 48. Ng4 $1 {[%csl Re3,Yh6][%cal Rb2h8] The point of
the combination.}) 48. Rd7 1-0

[Event "EU-chT (Men) 19th"]
[Site "Warsaw"]
[Date "2013.11.14"]
[Round "6.4"]
[White "Aronian, Levon"]
[Black "Balogh, Csaba"]
[Result "1/2-1/2"]
[WhiteElo "2801"]
[BlackElo "2630"]
[Annotator "Postny,E"]
[PlyCount "162"]
[EventDate "2013.11.08"]
[EventType "team-swiss"]
[EventRounds "9"]
[EventCountry "POL"]
[SourceTitle "CBM 158"]
[Source "ChessBase"]
[SourceDate "2014.01.16"]
[SourceVersion "1"]
[SourceVersionDate "2014.01.16"]
[SourceQuality "1"]
[WhiteTeam "Armenia"]
[BlackTeam "Hungary"]
[WhiteTeamCountry "ARM"]
[BlackTeamCountry "HUN"]

1. Nf3 d5 2. d4 Nf6 3. c4 c6 4. Nc3 dxc4 5. a4 Bf5 6. Ne5 Nbd7 7. Nxc4 Nb6 {
Recently this line has been somewhat in the shadow of the main stream 7...Qc7.}
8. Ne5 a5 9. f3 Nfd7 10. Nxd7 Nxd7 11. e4 Bg6 12. Be2 {I've played this line
myself several times.} (12. Be3 Qb6 13. Qd2 e5 14. dxe5 Bc5 {proved to be fine
for Black.}) 12... Qb6 (12... e6 13. O-O Bb4 14. Be3 O-O {has appeared in many
games on a high level. The arising position is slightly better for White, but
Black has a solid setup and no weaknesses.}) ({After} 12... e5 13. dxe5 Qb6 14.
f4 Nc5 {the same position as in current game can be reached by a different
order of moves.}) 13. f4 e5 $5 {This stunning move is one of the first two
choices of most of the top engines.} 14. dxe5 (14. fxe5 $6 Rd8 15. Bg5 f6 16.
exf6 Nxf6 $15 {1-0 (44) Postny,E (2662)-Poetsch,H (2432) Plovdiv 2012}) 14...
Nc5 {Now White has to decide which pawn to give back - e4 or b2.} 15. Be3 {
Going for the sharpest continuation.} (15. Bc4 Nxe4 16. Qe2 Nxc3 17. bxc3 h5 $2
(17... Be7 $11) 18. e6 $16 {1/2-1/2 (21) Ibrahimov,R (2526)-Wang Yue (2734)
Nakhchivan 2011}) 15... Qxb2 16. Nb5 Qb4+ 17. Kf1 (17. Bd2 Qxe4 18. Nc7+ Kd7
19. Nxa8 Nd3+ 20. Kf1 Bb4 $1 21. Bxd3 Qxd3+ 22. Qe2 Rxa8 23. Bxb4 Qxe2+ 24.
Kxe2 axb4 $11 {1/2-1/2 (59) Postny,E (2592)-Oleksienko,M (2552) New Delhi 2011}
) 17... Rc8 $2 $146 {This novelty will not find any followers.} ({The
following game shows the optimal way to play for both sides:} 17... Rd8 18.
Nc7+ Ke7 19. Nd5+ cxd5 20. Rb1 Qa3 21. Bxc5+ Qxc5 22. Rxb7+ Rd7 23. Rxd7+ Kxd7
24. f5 d4 25. fxg6 hxg6 26. Qb3 Qxe5 27. Qb7+ Qc7 28. Bb5+ Kd8 29. Qd5+ Bd6 30.
e5 Qc1+ 31. Ke2 Qc2+ 32. Ke1 Qc1+ 33. Ke2 {1/2-1/2 (33) Mikhalevski,V (2592)
-Harikrishna,P (2668) Lubbock 2008}) 18. Nd6+ Bxd6 19. exd6 O-O 20. e5 $6 {
White's pawn chain is really nice, but to win a piece was more promising, even
though it had to be calculated properly.} (20. f5 Nxe4 (20... Qxe4 21. Bxc5
Qxf5+ 22. Bf2 {keeping the extra piece.}) (20... Rcd8 21. Qd4 $16) 21. fxg6
fxg6+ 22. Kg1 (22. Bf3 $6 Rcd8 23. Qd4 Rxd6 24. Qxb4 axb4 25. Rb1 Nc3 26. Bc5
Rxf3+ $1 27. gxf3 Rd5 28. Rxb4 Rxc5 29. Rxb7 Nxa4 {Here Black's chances for a
draw are very high.}) 22... Nc3 (22... Rcd8 23. Qd4 $16) 23. Qe1 $1 Rce8 (23...
Rcd8 24. h4 $16 {[%cal Gh1h3]}) 24. Bf3 Qb2 25. Rc1 Rxf3 26. Rxc3 Rf2 $1 27.
Qxf2 Qxc3 28. d7 Rd8 29. h3 Rxd7 30. Kh2 $16) 20... Nb3 21. Kf2 $6 {Not only
does Aronian not wish to win material, he even prefers to sacrifice some!
Objectively, the idea is dubious.} (21. Ra2 Bf5 (21... c5 $2 22. Bg4 c4 23.
Bxc8 Rxc8 24. Qg4 Rf8 25. f5 Nd4 26. Bxd4 Qb1+ 27. Kf2 Qxa2+ 28. Kg3 h5 29. Qf4
Qb3+ 30. Kh4 Qd3 31. e6 $1 $18 {[%cal Gf4e5]}) 22. Rb2 Be6 23. Bg4 Bxg4 24.
Qxb3 Qxb3 25. Rxb3 $14) 21... Nxa1 22. Qxa1 {White might have sufficient
compensation for the exchange, but not more than that.} Bf5 (22... f6 $2 23. d7
{[%cal Ge5e6] would allow White's pawns to advance even further.}) 23. g4 Be6
24. Rb1 Qe4 25. Bf3 Qc2+ 26. Kg3 Qd3 27. Re1 f5 {The engine suggests 27...Bd5,
but a human player would like to stabilise the blockade. The position is
balanced.} (27... Bd5 28. Qd4 Qb3 $11) 28. g5 b5 29. Qd1 $6 {Probably White
should keep the queens on the board.} (29. axb5 Qxb5 (29... cxb5 30. Qxa5 $14)
30. Rc1 c5 {This is a game for three results.}) 29... Qxd1 30. Rxd1 bxa4 31.
Ra1 Rb8 {In the endgame Black's extra exchange might become a factor.} 32. Rxa4
Rb3 33. Kf2 Rb2+ 34. Kg1 $6 {The king on the back rank is always suspicious.} (
34. Kg3 $1 Rfb8 35. Rxa5 R8b3 36. Bf2 Rd2 {I guess, this is the idea Levon was
concerned about. However, White can still save the game.} 37. Kg2 (37. Ra8+ $2
Kf7 38. Ra7+ Kg6 39. h4 h5 $19) 37... Rbb2 38. Ra8+ Kf7 39. Bxc6 $1 Rxf2+ 40.
Kg3 {Amazing position! Black to move, he is a rook up, but can't avoid the
perpetual check.} Rg2+ 41. Kh3 Rxh2+ 42. Kg3 Rbg2+ 43. Kf3 Ra2 (43... g6 44.
Ra7+ Kf8 45. Ra8+ Kg7 46. Ra7+ $11) 44. Be8+ Kf8 45. Ba4+ $11) 34... Rb3 35.
Kf2 Rb2+ 36. Kg1 Rfb8 {Black has every reason to play for a win.} 37. Rxa5 Rc2
38. Ra1 $6 ({Now it was the last chance to spot the same spectacular idea
mentioned in the previous commentary:} 38. Bf2 $1 Rbb2 39. Ra7 $3 Rxf2 40. Bxc6
{with inevitable perpetual check.}) 38... Rc3 39. Re1 Kf7 $17 40. Bg2 Ke8 41.
Bf2 {All White's pieces have gone backwards.} Kd7 42. Ra1 Rb7 43. h3 Rc2 44.
Bf1 Ra2 45. Rxa2 Bxa2 {So, the position has stabilsed now. Black has good
winning chances, but has to work hard to get the full point.} 46. Be3 Bd5 47.
Kf2 Rb2+ 48. Ke1 Rb1+ 49. Kf2 Rb2+ 50. Ke1 Ra2 51. Be2 g6 52. h4 Ra5 53. Kf2
Ke6 $6 ({It was logical to start pushing the passed pawn:} 53... c5 54. Ke1
Ra1+ 55. Kd2 Ra2+ 56. Ke1 c4 57. Bd4 Ra3 58. Kd2 Rh3 {[%csl Rh4] capturing the
Ph4. Later on Black can undermine White's pawn chain by h7-h6.}) 54. Bb6 Ra2
55. Ke3 $6 (55. Ke1 {was more precise. White needs to defend the Pf4 by the
bishop, not by the king.}) 55... Ra3+ $6 (55... Ra4 $1 56. Bd4 Bc4 57. Bf3 Ra3+
58. Kf2 Bd5 59. Be2 Rh3 {[%csl Rh4] should be sufficient for a win.}) 56. Kd2
Ra4 57. Be3 Bc4 58. Bd1 Ra2+ 59. Ke1 Rh2 (59... Ra5 60. Kd2 c5 61. Kc3 {
Here White can blockade the pawn by the king. Now if Black's rook will go for
the Ph4, White's bishops will be on time to support the d-pawn. Here is the
sample line:} Bd5 62. Bc1 Ra1 63. Kd2 Ra2+ 64. Kc3 Rh2 65. Ba3 Rxh4 66. Ba4
Rxf4 67. d7 Rc4+ 68. Kd3 Rd4+ 69. Kc3 Bf3 70. Bxc5 Rxd7 71. Bxd7+ Kxd7 $11) 60.
Bf2 Rh1+ 61. Kd2 Rh2 62. Ke1 Rh3 63. Kd2 Rd3+ 64. Ke1 Ra3 65. Kd2 Bb3 66. Be2
Ra2+ 67. Ke1 Ra1+ 68. Kd2 Ra2+ 69. Ke1 Ra4 {Black is not able to make any
progress. The Hungarian grandmaster played on for some more moves before
succumbing to a draw, which didn't favour his team.} 70. Be3 Bc4 71. Bd1 Ra2
72. Bc5 Bd5 73. Be2 Ra4 74. Be3 Ra5 75. Bb6 Ra4 76. Be3 Bc4 77. Bd1 Ra5 78. Bb6
Ra6 79. Be3 Ra5 80. Bb6 Ra2 81. Bc5 Ra5 {The final score of this important
match was 2,5-1,5 in favour of Armenia.} 1/2-1/2

[Event "EU-ch U20"]
[Site "Patras"]
[Date "2001.07.19"]
[Round "4"]
[White "Postny, Evgeny"]
[Black "Haznedaroglu, Kivanc"]
[Result "1-0"]
[WhiteElo "2486"]
[BlackElo "2345"]
[Annotator "Postny,E"]
[PlyCount "79"]
[EventDate "2001.07.16"]
[EventType "swiss"]
[EventRounds "11"]
[EventCountry "GRE"]
[SourceTitle "CBM 083 Extra"]
[Source "ChessBase"]
[SourceDate "2001.09.11"]
[SourceVersion "1"]
[SourceVersionDate "2001.09.11"]
[SourceQuality "1"]

1. d4 d5 2. c4 c6 3. Nc3 Nf6 4. Nf3 dxc4 5. a4 Bf5 6. Nh4 e6 7. Nxf5 exf5 8. e3
Bd6 {More popular move is 8...Bb4 which usually leads to a Dutch variation in
Slav defense (ECO-D18).} 9. Bxc4 O-O 10. Qf3 (10. h3 $5 {see the games:
Filippov,V-Ibragimov,I/New York op 1998/CBM 64 ; Filippov,V-Van Wely,L/Elista
ol 1998/CBM 66 [Huebner]}) 10... g6 11. h3 Re8 $2 $146 {I suppose, that this
novelty will not find his followers.} ({Better is} 11... h5 {preventing the
g2-g4 strike.} 12. O-O Qe7 13. Re1 Nbd7 (13... Ne4 $6 14. g4 $1 $16 {Shipov,
S-Crouch,C /Hastings 1997/Chessinf. 71}) 14. e4 fxe4 15. Nxe4 Nxe4 16. Rxe4 Qf6
17. Bf4 Nb6 18. Bb3 Nd5 19. Bxd6 Qxd6 20. Re5 Qb4 21. Bxd5 cxd5 22. Rxd5 Qxb2
23. Rd1 Rad8 24. Rb5 Qc2 25. Rxb7 {1/2-1/2 Rychagov,A-Lastin,A/St Petersburg
1998/CBM 67 ext (25)}) 12. g4 $1 {This aggressive move is the logical
continuation of white's previous play.} f4 (12... Bb4 {[%cal Gd8d4]} 13. Kf1 $1
$36 {White's K on f1 feels comfortable.}) 13. O-O Nbd7 (13... Bc7 14. Ne2 $1
fxe3 15. fxe3 Qd6 16. Rf2 (16. Qf4 $2 Qxf4 17. Nxf4 Bxf4 18. Rxf4 Nd5 $132 {
[%csl Re3]}) 16... Nbd7 17. g5 Ne4 18. Bxf7+ Kh8 19. Bxe8 Rxe8 (19... Nxf2 20.
Bxd7 Rf8 21. Nf4 $18) 20. Rg2 {Black's compensation for the material deficit
isn't sufficient.}) 14. exf4 (14. e4 $2 {looks good only from the first look;}
c5 15. e5 cxd4 16. exd6 Ne5 $15) 14... Nb6 15. Bb3 Bc7 (15... a5 16. f5 Nfd5
17. fxg6 hxg6 18. Bd2 $16) 16. g5 Nh5 (16... Nfd5 17. Ne4 $16 {[%cal Ya4a5,
Ye4c5,Yf4f5]}) 17. a5 Nc8 {Black's NN have been driven back from the good
squares.White has a big advantage.} (17... Nd5 $6 18. Nxd5 cxd5 19. Bxd5 Bxf4
20. Bxf4 Nxf4 21. Bxf7+ Kxf7 22. Qxf4+ $18) 18. d5 ({Other good alternative,
which I considered is} 18. a6) 18... c5 19. Ne4 Nd6 ({Deserved attention the
positional exchange sacrifice:} 19... Rxe4 20. Qxe4 Nd6 {[%csl Gd6,Gf5][%cal
Yh5g7,Yg7f5]}) (19... Bxa5 $6 20. d6 {[%csl Gb3,Rf7][%cal Gd6d7,Gf4f5]} Rxe4
21. Qxe4 Nxd6 22. Qd5 $18) 20. Nxc5 Nf5 $2 {Desperately looking for active
counterplay, however black's threats are not so dangerous for white.Black
should keep the blockade on d6 as long as possible.} (20... Bxa5 21. Be3 Bb6
$16) 21. d6 ({Perhaps} 21. Ra4 $1 {was even stronger.}) 21... Qxd6 (21... Nd4
$2 {was losing to} 22. Bxf7+ $1 Kxf7 23. Qd5+ Ne6 24. f5 $18) 22. Nxb7 Qe7 23.
Ra4 $1 $18 {[%csl Ga4,Yd4,Ye4,Yf4][%cal Ya4f4] A strong defensive manoeuvre.}
Rab8 24. Bd5 Bd6 25. Re4 Qc7 26. Rc4 Qe7 27. a6 (27. Bd2 $143 Nh4 28. Qg4 Rxb7
29. Bxb7 Qxb7 30. Qxh4 Qd5 {[%csl Yh4] and black gets some counterchances.})
27... Rbc8 (27... Rec8 28. Rd1 $18) 28. Bc6 Nh4 29. Qd5 Rxc6 $5 {The last
chance, but insufficient.} 30. Qxc6 Qe2 31. Nxd6 $1 Nf3+ 32. Kg2 Nh4+ 33. Kg1
Nf3+ 34. Qxf3 Qxf3 35. Rc3 {This important intermediate move I must have been
seen, before playing 31.Nd6.} ({But not} 35. Nxe8 $4 Ng3 $1 {drawing
immideatly.}) 35... Qe2 36. Nxe8 Qxe8 37. Be3 {Not only, that white has two
rooks and two pawns for the queen, but also black's king is in trouble.} f6 38.
Rfc1 Qe4 {A mistake in a lost position.} 39. Rc8+ Kf7 40. R1c7+ (40. R1c7+ Ke6
41. Re8+ {[%csl Re4]}) 1-0